Η ισότητα ευκαιριών στην εκπαίδευση : (συμβολή στη μελέτη εκδημοκρατισμού της εκπαίδευσης)
Αποθηκεύτηκε σε:
| Κύριος συγγραφέας: | |
|---|---|
| Μορφή: | Βιβλίο |
| Γλώσσα: | Greek |
| Δημοσίευση: |
Αθήνα :
Γρηγόρης,
1982.
|
| Έκδοση: | 2η εκδ. |
| Θέματα: | |
| Ετικέτες: |
Προσθήκη ετικέτας
Δεν υπάρχουν, Καταχωρήστε ετικέτα πρώτοι!
|
MARC
| LEADER | 00000cam a2200000 i 4500 | ||
|---|---|---|---|
| 001 | 1/20861 | ||
| 008 | 960711s1982 gr | ||| |||| ||gre|| | ||
| 035 | |a 1986 |c Αγορά |l 10036142 | ||
| 035 | |a 1987 |c Αγορά | ||
| 040 | |a GR-MY-UA |b gre |e aacr | ||
| 041 | 0 | |a gre | |
| 082 | 7 | |a 370.1934 |2 (22) | |
| 100 | 1 | |a Τομπαϊδης, Δημήτριος Ε. | |
| 245 | 1 | 2 | |a Η ισότητα ευκαιριών στην εκπαίδευση : |b (συμβολή στη μελέτη εκδημοκρατισμού της εκπαίδευσης) / |c Δημήτριος Ε. Τομπαϊδης. |
| 250 | |a 2η εκδ. | ||
| 260 | |a Αθήνα : |b Γρηγόρης, |c 1982. | ||
| 300 | |a 68 σ. ; |c 24 εκ. | ||
| 504 | |a Βιβλιογραφία : σ. 62-64. | ||
| 650 | 0 | 0 | |a Educational equalization. |
| 650 | 0 | 0 | |a Right to education. |
| 650 | 0 | 0 | |a Educational sociology. |
| 852 | |a INST |b RHODES |e 19960711 |h 370.1934 ΤΟΜ |p 005400002745 |q 005400002745 |t BK |y 0 | ||
| 852 | |a INST |b RHODES |e 19960711 |h 370.1934 ΤΟΜ |p 005400002746 |q 005400002746 |t BK |y 0 | ||
| 852 | |a INST |b RHODES |e 19960711 |h 370.1934 ΤΟΜ |p 005400002747 |q 005400002747 |t BK |y 0 | ||
| 909 | |a Ρ |b 003594 | ||
| 909 | |a Ρ |b 006235 | ||
| 909 | |a Ρ |b 006408 | ||
| 970 | |z 1996/07 | ||